000
00361nam a2200157Ia 4500
008
210430s9999 xx 000 0 und d
020
_a
12/7/11
082
_a
547 P 645 O
245
_a
Stanley H.Pine
250
_a
1187p
260
_a
National Book Foundation
300
_a
Organic Chemistry
650
_a
Islamabad
856
_u
BK
942
_c
GEN
_2
ddc
999
_c
562479
_d
562479